Basic equations of engineering science (Record no. 64853)

000 -LEADER
fixed length control field 00449nam a22001697a 4500
003 - CONTROL NUMBER IDENTIFIER
control field NUST - PNEC
005 - DATE AND TIME OF LATEST TRANSACTION
control field 20170116180857.0
008 - FIXED-LENGTH DATA ELEMENTS--GENERAL INFORMATION
fixed length control field 150831b xxu||||| |||| 00| 0 eng d
020 ## - INTERNATIONAL STANDARD BOOK NUMBER
International Standard Book Number -
040 ## - CATALOGING SOURCE
Transcribing agency LIBRARY
082 ## - DEWEY DECIMAL CLASSIFICATION NUMBER
Classification number 620.1 HUG
100 ## - MAIN ENTRY--PERSONAL NAME
9 (RLIN) 6095
Personal name Hughes, William F.
245 ## - TITLE STATEMENT
Title Basic equations of engineering science
Statement of responsibility, etc. William F. Hughes
260 ## - PUBLICATION, DISTRIBUTION, ETC.
Place of publication, distribution, etc. New York:
Date of publication, distribution, etc. c1964.
650 ## - SUBJECT ADDED ENTRY--TOPICAL TERM
9 (RLIN) 6097
Topical term or geographic name entry element Engineering, equations
General subdivision ME
942 ## - ADDED ENTRY ELEMENTS (KOHA)
Source of classification or shelving scheme
Koha item type Book
Holdings
Withdrawn status Lost status Source of classification or shelving scheme Damaged status Not for loan Permanent Location Current Location Shelving location Date acquired Total Checkouts Full call number Barcode Date last seen Price effective from Koha item type
          Pakistan Navy Engineering College (PNEC) Pakistan Navy Engineering College (PNEC)       620.1 HUG PNECLIB-004863 08/31/2015   Book
© 2023 Central Library, National University of Sciences and Technology. All Rights Reserved.